[Event "Las Vegas National op"]
[Site "Las Vegas"]
[Date "2015.06.19"]
[Round "2"]
[White "Ashwin, Jayaram"]
[Black "Saidy, Anthony Fred"]
[Result "1-0"]
[WhiteElo "2490"]
[BlackElo "2334"]
[PlyCount "89"]
[EventDate "2015.06.19"]
[EventType "swiss"]
[EventRounds "6"]
[EventCountry "USA"]
[SourceTitle "CBM 167 Extra"]
[Source "ChessBase"]
[SourceDate "2015.09.14"]
[SourceVersion "1"]
[SourceVersionDate "2015.09.14"]
[SourceQuality "1"]

1. d4 Nf6 2. c4 e6 3. Nc3 Bb4 4. Qc2 d5 5. cxd5 Qxd5 6. Nf3 Qf5 7. Qb3 c5 8. a3 Bxc3+ 9. bxc3 cxd4 10. cxd4 Nc6 11. e3 0-0 12. Bd3 Qd5 13. Qc2 Qd8 14. 0-0 Bd7 15. e4 Rc8 16. Qe2 Qb6 17. Bb2 Ne7 18. Ne5 Ba4 19. Nc4 Qd8 20. Rac1 Bb5 21. Rfd1 Ng6 22. g3 Qe7 23. h4 Rfd8 24. h5 Nf8 25. h6 gxh6 26. Qf3 Ne8 27. d5 Bxc4 28. Bxc4 e5 29. Bf1 Nd6 30. a4 Ng6 31. Bh3 Rxc1 32. Rxc1 Kg7 33. Ba3 Qf6 34. Qd3 h5 35. Rc7 Kg8 36. Bxd6 Rxd6 37. Rxb7 a6 38. a5 h4 39. Qe3 hxg3 40. fxg3 Qd8 41. Rb6 Qc7 42. Bf1 Rd8 43. Rxa6 h5 44. Ra7 Qc2 45. Qf2 1-0

[Event "Las Vegas National op"]
[Site "Las Vegas"]
[Date "2006.06.16"]
[Round "2"]
[White "Saidy, Anthony Fred"]
[Black "Fontaine, Robert"]
[Result "1-0"]
[WhiteElo "2328"]
[BlackElo "2521"]
[PlyCount "81"]
[EventDate "2006.06.16"]
[EventType "swiss"]
[EventRounds "6"]
[EventCountry "USA"]
[SourceTitle "CBM 112 Extra"]
[Source "ChessBase"]
[SourceDate "2006.07.14"]
[SourceVersion "1"]
[SourceVersionDate "2006.07.14"]
[SourceQuality "1"]

1. d4 d5 2. c4 c6 3. Nc3 e5 4. e3 e4 5. Qb3 Nf6 6. cxd5 cxd5 7. Nge2 Na6 8. Nf4 Nc7 9. h4 Bd6 10. Be2 0-0 11. Bd2 Bxf4 12. exf4 Bg4 13. Rc1 Qd7 14. Bxg4 Qxg4 15. Ne2 Ne6 16. Qh3 Rfc8 17. Qxg4 Nxg4 18. Rh3 Rxc1+ 19. Bxc1 Rc8 20. Rc3 Rxc3 21. Nxc3 Nxd4 22. Nxd5 Nf5 23. g3 f6 24. Nc3 Nd6 25. b3 f5 26. Ba3 Ne8 27. Nb5 a6 28. Nd4 g6 29. Ne6 b5 30. Bb4 Ngf6 31. Nc5 Nd5 32. Ba5 Nec7 33. Ke2 Kf7 34. Bxc7 Nxc7 35. Ke3 Nd5+ 36. Kd4 Nb4 37. a3 Nc2+ 38. Kc3 Nxa3 39. Nxa6 Ke6 40. Nb4 Nb1+ 41. Kc2 1-0

[Event "Las Vegas National op"]
[Site "Las Vegas"]
[Date "2005.06.11"]
[Round "4"]
[White "Sevillano, Enrico"]
[Black "Saidy, Anthony Fred"]
[Result "1/2-1/2"]
[WhiteElo "2450"]
[BlackElo "2329"]
[PlyCount "77"]
[EventDate "2005.06.10"]
[EventType "swiss"]
[EventRounds "7"]
[EventCountry "USA"]
[SourceTitle "CBM 106 Extra"]
[Source "ChessBase"]
[SourceDate "2005.07.01"]
[SourceVersion "1"]
[SourceVersionDate "2005.07.01"]
[SourceQuality "1"]

1. e4 e5 2. Nf3 d6 3. d4 Nf6 4. Nc3 Nbd7 5. Bc4 Be7 6. 0-0 0-0 7. dxe5 dxe5 8. Qe2 c6 9. a4 Qc7 10. Nh4 Nc5 11. Nf5 Bxf5 12. exf5 Rfd8 13. Be3 Nd5 14. Bxd5 cxd5 15. Bxc5 Bxc5 16. Rad1 Bd4 17. Nb5 Qc4 18. Nxd4 exd4 19. Rd3 Rac8 20. f6 Qxc2 21. Qg4 g6 22. Qxd4 Qc5 23. Qh4 d4 24. h3 Rc6 25. Re1 h5 26. Re4 Qd6 27. f4 Qxf6 28. Qxf6 Rxf6 29. Rexd4 Rxd4 30. Rxd4 a5 31. b4 axb4 32. Rxb4 b6 33. Kf2 Rd6 34. Kf3 f5 35. Rc4 Kf7 36. Rc7+ Kf6 37. Rb7 Re6 38. g3 Rd6 39. Rc7 1/2-1/2

[Event "Wch Seniors 14th"]
[Site "Halle"]
[Date "2004.10.28"]
[Round "5"]
[White "Kot, Jerzy"]
[Black "Saidy, Anthony Fred"]
[Result "1-0"]
[WhiteElo "2230"]
[BlackElo "2332"]
[PlyCount "95"]
[EventDate "2004.10.24"]
[EventType "swiss"]
[EventRounds "11"]
[EventCountry "GER"]
[SourceTitle "EXT 2005"]
[Source "ChessBase"]
[SourceDate "2004.11.15"]
[SourceVersion "1"]
[SourceVersionDate "2004.11.15"]
[SourceQuality "1"]

1. d4 Nf6 2. c4 e6 3. Nc3 Bb4 4. Qc2 d5 5. a3 Bxc3+ 6. Qxc3 Ne4 7. Qc2 Nc6 8. e3 e5 9. cxd5 Qxd5 10. f3 Nf6 11. dxe5 Qxe5 12. Bd2 Be6 13. Ba6 Bf5 14. Qc1 Bc8 15. Ne2 0-0 16. 0-0 Rd8 17. Rd1 h6 18. e4 Qe7 19. Qc2 Nh7 20. Bf4 Nf8 21. Bb5 Rxd1+ 22. Rxd1 Ne5 23. Qc3 Nfg6 24. Be3 c6 25. Ba4 f6 26. h3 Nf7 27. b4 a6 28. Bb6 Bd7 29. Qd3 Be8 30. f4 Nf8 31. Bb3 Nd7 32. Be3 a5 33. b5 Nc5 34. Bxc5 Qxc5+ 35. Kh2 Qxb5 36. Bc4 Qc5 37. Ng3 Kf8 38. Rc1 Rd8 39. Qb1 Qa7 40. e5 fxe5 41. fxe5 Nxe5 42. Rf1+ Nf7 43. Qg6 Rd7 44. Be6 Qd4 45. Bxd7 Qxd7 46. Qh7 Qd6 47. Qh8+ Ke7 48. Re1+ 1-0

[Event "World op 32nd"]
[Site "Philadelphia"]
[Date "2004.07.04"]
[Round "6"]
[White "Murthy, Pappu LN"]
[Black "Saidy, Anthony Fred"]
[Result "1-0"]
[WhiteElo "2200"]
[BlackElo "2361"]
[PlyCount "130"]
[EventDate "2004.07.01"]
[EventType "swiss"]
[EventRounds "9"]
[EventCountry "USA"]
[SourceTitle "CBM 101 Extra"]
[Source "ChessBase"]
[SourceDate "2004.09.01"]
[SourceVersion "2"]
[SourceVersionDate "2004.09.01"]
[SourceQuality "1"]

1. d4 Nf6 2. c4 g6 3. Nc3 Bg7 4. e4 d6 5. Nge2 0-0 6. Ng3 Na6 7. Be2 c5 8. d5 e6 9. 0-0 exd5 10. exd5 Nc7 11. Bf4 Re8 12. Qd2 Ng4 13. h3 Ne5 14. Bg5 f6 15. Bh6 Bh8 16. Be3 f5 17. Bg5 Qd7 18. Rae1 b6 19. a4 a6 20. b3 Bb7 21. Bd1 b5 22. Be2 b4 23. Na2 Nf7 24. Bf4 Qd8 25. Bd3 Qf6 26. Rxe8+ Rxe8 27. Re1 Rxe1+ 28. Qxe1 Qd4 29. Qe3 Qb2 30. Nc1 Bd4 31. Qd2 Ne5 32. Qxb2 Bxb2 33. Be2 Kf7 34. Nd3 Bd4 35. Nf1 Kf6 36. h4 Ne8 37. Bg5+ Kf7 38. Nf4 Bc8 39. h5 Nf6 40. hxg6+ hxg6 41. Nd3 Neg4 42. Bf4 Ne4 43. Be3 Nxe3 44. fxe3 Bc3 45. Nh2 g5 46. Bd1 Kf6 47. Kf1 Bd7 48. Ke2 Be8 49. Nf2 Ng3+ 50. Kd3 Nh5 51. g4 Be5 52. gxf5 Kxf5 53. Nhg4 Kg6 54. Nxe5+ dxe5 55. Ke4 Kf6 56. Ng4+ Ke7 57. Kxe5 Bd7 58. Nh6 Be8 59. d6+ Kd7 60. Ng8 Ng3 61. Bg4+ Kd8 62. Ne7 Bd7 63. Bd1 Be8 64. Nf5 Nf1 65. e4 Nd2 1-0

[Event "Las Vegas National op"]
[Site "Las Vegas"]
[Date "2004.06.20"]
[Round "5"]
[White "Saidy, Anthony Fred"]
[Black "Sevillano, Enrico"]
[Result "1-0"]
[WhiteElo "2338"]
[BlackElo "2467"]
[PlyCount "103"]
[EventDate "2004.06.18"]
[EventType "swiss"]
[EventRounds "6"]
[EventCountry "USA"]
[SourceTitle "CBM 100 Extra"]
[Source "ChessBase"]
[SourceDate "2004.07.06"]
[SourceVersion "2"]
[SourceVersionDate "2004.07.06"]
[SourceQuality "1"]

1. d4 Nf6 2. c4 c5 3. d5 e6 4. Nc3 exd5 5. cxd5 d6 6. e4 g6 7. f4 Bg7 8. Bb5+ Nfd7 9. Bd3 a6 10. a4 0-0 11. Nf3 Nf6 12. 0-0 Bg4 13. h3 Bxf3 14. Qxf3 Nbd7 15. Rb1 Qa5 16. Bc4 Rfe8 17. Bd2 Rab8 18. Qd3 Qc7 19. Rbe1 Rbd8 20. b3 Qb8 21. g4 Re7 22. Re2 Rde8 23. Rfe1 Nb6 24. g5 Nh5 25. Qf3 Qc8 26. Nd1 Nxc4 27. bxc4 Bd4+ 28. Kg2 Qd7 29. a5 Qa4 30. Qd3 Qxa5 31. Qxd4 Nxf4+ 32. Kf3 Nxe2 33. Rxe2 Qa4 34. Nc3 Qd7 35. Qf6 Qxh3+ 36. Kf2 Re5 37. Qxd6 b5 38. cxb5 axb5 39. Qxc5 f5 40. Bf4 fxe4 41. Bxe5 Rxe5 42. Ke1 e3 43. Kd1 Qf1+ 44. Kc2 Qf5+ 45. Kb3 Qxg5 46. Qc8+ Kf7 47. d6 Re8 48. d7 Rd8 49. Rxe3 Qxe3 50. Qxd8 Qe6+ 51. Kc2 Qf5+ 52. Kb2 1-0

[Event "Las Vegas National op"]
[Site "Las Vegas"]
[Date "2004.06.20"]
[Round "6"]
[White "Sharavdorj, Dashzeveg"]
[Black "Saidy, Anthony Fred"]
[Result "1-0"]
[WhiteElo "2444"]
[BlackElo "2338"]
[PlyCount "63"]
[EventDate "2004.06.18"]
[EventType "swiss"]
[EventRounds "6"]
[EventCountry "USA"]
[SourceTitle "CBM 100 Extra"]
[Source "ChessBase"]
[SourceDate "2004.07.06"]
[SourceVersion "2"]
[SourceVersionDate "2004.07.06"]
[SourceQuality "1"]

1. d4 Nf6 2. c4 g6 3. Nc3 d5 4. cxd5 Nxd5 5. e4 Nxc3 6. bxc3 Bg7 7. Nf3 c5 8. Rb1 0-0 9. Be2 b6 10. 0-0 Bb7 11. Qd3 Ba6 12. Qe3 Bxe2 13. Qxe2 Qc7 14. Rd1 Nd7 15. e5 e6 16. Bf4 Qc6 17. Qe3 Rfc8 18. Bh6 cxd4 19. cxd4 Qd5 20. h4 Rc2 21. h5 Qxa2 22. Bxg7 Kxg7 23. d5 Re2 24. h6+ Kg8 25. Qd4 Rd8 26. Qh4 f6 27. Ra1 Qb3 28. dxe6 Qxe6 29. Rd6 Qb3 30. Rad1 Qf7 31. Qg4 f5 32. Qh4 1-0

[Event "Las Vegas National op"]
[Site "Las Vegas"]
[Date "2004.06.19"]
[Round "3"]
[White "Saidy, Anthony Fred"]
[Black "De Guzman, Ricardo"]
[Result "1-0"]
[WhiteElo "2338"]
[BlackElo "2420"]
[PlyCount "101"]
[EventDate "2004.06.18"]
[EventType "swiss"]
[EventRounds "6"]
[EventCountry "USA"]
[SourceTitle "CBM 100 Extra"]
[Source "ChessBase"]
[SourceDate "2004.07.06"]
[SourceVersion "2"]
[SourceVersionDate "2004.07.06"]
[SourceQuality "1"]

1. d4 Nf6 2. c4 e6 3. Nc3 Bb4 4. e3 0-0 5. Nge2 d5 6. cxd5 exd5 7. g3 Re8 8. Bg2 c6 9. 0-0 Bf5 10. f3 Nbd7 11. g4 Bg6 12. Nf4 Bd6 13. Nxg6 hxg6 14. e4 c5 15. g5 Nh5 16. Nxd5 cxd4 17. f4 Rc8 18. Bd2 Nb6 19. Ba5 Nxf4 20. Bxb6 Qxg5 21. Nxf4 Bxf4 22. Bxd4 Qh4 23. Rxf4 Qxf4 24. Qf3 Rc1+ 25. Rxc1 Qxc1+ 26. Qf1 Qd2 27. Bc3 Qe3+ 28. Qf2 Qc1+ 29. Qf1 Qe3+ 30. Qf2 Qc1+ 31. Qe1 Qf4 32. Qd2 Qxd2 33. Bxd2 b6 34. Kf2 f5 35. h4 Kf7 36. Ke3 Rh8 37. Be1 g5 38. hxg5 Rh2 39. Kf3 fxe4+ 40. Kg3 Rh8 41. Bxe4 Rc8 42. Bc3 Rc7 43. Kf4 Ke6 44. Bf5+ Kf7 45. g6+ Kg8 46. Be6+ Kh8 47. Ke5 a5 48. Kd6 Rc5 49. Bd5 a4 50. a3 Rc8 51. Bc6 1-0

[Event "North American op"]
[Site "Las Vegas"]
[Date "2003.12.29"]
[Round "6"]
[White "Markzon, Gregory"]
[Black "Saidy, Anthony Fred"]
[Result "1-0"]
[WhiteElo "2267"]
[BlackElo "2332"]
[PlyCount "69"]
[EventDate "2003.12.26"]
[EventType "swiss"]
[EventRounds "6"]
[EventCountry "USA"]
[SourceTitle "CBM 098 Extra"]
[Source "ChessBase"]
[SourceDate "2004.03.10"]
[SourceVersion "2"]
[SourceVersionDate "2004.03.10"]
[SourceQuality "1"]

1. e4 c5 2. Nf3 d6 3. d4 cxd4 4. Nxd4 Nf6 5. Nc3 Nc6 6. Bg5 e6 7. Qd2 a6 8. 0-0-0 Bd7 9. f3 Be7 10. h4 Qc7 11. Kb1 Na5 12. Nb3 Nxb3 13. axb3 0-0-0 14. Be3 Bc6 15. Qf2 Nd7 16. Nd5 Bxd5 17. exd5 e5 18. f4 exf4 19. Qxf4 Bf6 20. b4 Kb8 21. Rh3 Rhe8 22. c4 Rc8 23. Rc1 Ne5 24. Bg1 Ka8 25. Ra3 Nd7 26. Qf2 Qb8 27. c5 dxc5 28. b5 Bd4 29. Qf5 Bxg1 30. bxa6 b5 31. Qxd7 c4 32. Ra5 b4 33. Bxc4 Qc7 34. Qxc7 Rxc7 35. d6 1-0

[Event "US Open-104"]
[Site "Los Angeles"]
[Date "2003.08.14"]
[Round "11"]
[White "Shabalov, Alexander"]
[Black "Saidy, Anthony Fred"]
[Result "1-0"]
[WhiteElo "2575"]
[BlackElo "2332"]
[PlyCount "35"]
[EventDate "2003.08.03"]
[EventType "swiss"]
[EventRounds "12"]
[EventCountry "USA"]
[SourceTitle "CBM 095 Extra"]
[Source "ChessBase"]
[SourceDate "2003.09.04"]
[SourceVersion "1"]
[SourceVersionDate "2003.09.04"]
[SourceQuality "1"]

1. e4 e5 2. Nf3 Nc6 3. Bb5 a6 4. Ba4 d6 5. Bxc6+ bxc6 6. d4 exd4 7. Qxd4 Bg4 8. Nc3 Ne7 9. Bg5 Qd7 10. Bxe7 Qxe7 11. 0-0-0 Bxf3 12. gxf3 Qg5+ 13. Kb1 Be7 14. Rhg1 Qf6 15. Qa4 0-0 16. Qxc6 Qxf3 17. Nd5 Bf6 18. e5 1-0

[Event "USA-ch"]
[Site "Seattle"]
[Date "2002.01.06"]
[Round "2"]
[White "Browne, Walter Shawn"]
[Black "Saidy, Anthony Fred"]
[Result "1-0"]
[WhiteElo "2450"]
[BlackElo "2373"]
[PlyCount "47"]
[EventDate "2002.01.05"]
[EventType "swiss"]
[EventRounds "9"]
[EventCountry "USA"]
[SourceTitle "CBM 087"]
[Source "ChessBase"]
[SourceDate "2002.03.21"]
[SourceVersion "1"]
[SourceVersionDate "2002.03.21"]
[SourceQuality "1"]

1. d4 Nf6 2. c4 d6 3. Nc3 e5 4. d5 g6 5. e4 a5 6. g3 Bg7 7. Bg2 0-0 8. Nge2 Nh5 9. 0-0 f5 10. exf5 Bxf5 11. h3 Bd7 12. Ne4 Na6 13. Be3 b6 14. Qd2 Nc5 15. N2c3 Qc8 16. Kh2 Qa6 17. b3 Rae8 18. Rae1 Kh8 19. Nxc5 bxc5 20. a4 Qb6 21. Nb5 Rf7 22. Qe2 Nf4 23. gxf4 exf4 24. Qf3 1-0

[Event "Continental op"]
[Site "Las Vegas"]
[Date "2001.07.27"]
[Round "3"]
[White "Shulman, Yuri"]
[Black "Saidy, Anthony Fred"]
[Result "1-0"]
[WhiteElo "2568"]
[BlackElo "2374"]
[PlyCount "69"]
[EventDate "2001.07.26"]
[EventType "swiss"]
[EventRounds "6"]
[EventCountry "USA"]
[SourceTitle "EXT 2002"]
[Source "ChessBase"]
[SourceDate "2001.11.25"]
[SourceVersion "1"]
[SourceVersionDate "2001.11.25"]
[SourceQuality "1"]

1. d4 Nf6 2. c4 e6 3. Nf3 d5 4. Nc3 Be7 5. Bf4 0-0 6. e3 Nbd7 7. Qc2 c5 8. Rd1 Qa5 9. a3 Ne4 10. Bd3 cxd4 11. exd4 Ndf6 12. 0-0 Nxc3 13. bxc3 Bd7 14. Rb1 dxc4 15. Bxc4 Bc6 16. Ne5 Be4 17. Bd3 Bxd3 18. Qxd3 Nd5 19. Bd2 Qc7 20. c4 Nf6 21. Bf4 Qc8 22. Qf3 b6 23. Nc6 Qd7 24. Rfd1 Rfc8 25. d5 exd5 26. cxd5 Bd6 27. h3 Bxf4 28. Qxf4 Nxd5 29. Rxd5 Qxc6 30. Rbd1 h6 31. Rd7 Qe6 32. R1d6 Qe1+ 33. Kh2 Rf8 34. Rc7 Qa1 35. a4 1-0

[Event "World op 29th"]
[Site "Philadelphia"]
[Date "2001.07.07"]
[Round "7"]
[White "Saidy, Anthony Fred"]
[Black "Betaneli, Aleksandr"]
[Result "1-0"]
[WhiteElo "2372"]
[BlackElo "2248"]
[PlyCount "156"]
[EventDate "2001.06.30"]
[EventType "swiss"]
[EventRounds "9"]
[EventCountry "USA"]
[SourceTitle "EXT 2002"]
[Source "ChessBase"]
[SourceDate "2001.11.25"]
[SourceVersion "1"]
[SourceVersionDate "2001.11.25"]
[SourceQuality "1"]

1. d4 Nf6 2. c4 e6 3. Nc3 Bb4 4. e3 c5 5. Bd3 Nc6 6. Nge2 cxd4 7. exd4 d5 8. 0-0 dxc4 9. Bxc4 0-0 10. Qd3 Bd6 11. Rd1 Na5 12. Bb5 Bd7 13. Bg5 Bxb5 14. Qxb5 a6 15. Bxf6 axb5 16. Bxd8 Rfxd8 17. Nxb5 Nc6 18. a3 Ra5 19. Nbc3 Rh5 20. g3 Bb8 21. Rac1 Kf8 22. Rc2 Ba7 23. Rcd2 Rf5 24. Kg2 h5 25. f4 Na5 26. Kf3 g5 27. h3 g4+ 28. hxg4 hxg4+ 29. Ke4 Rh5 30. a4 f5+ 31. Ke3 Nb3 32. Nb5 Nxd2 33. Rxd2 Bb8 34. Rc2 Rh2 35. Rc5 Bd6 36. Nxd6 Rxd6 37. a5 Ke7 38. Rb5 Rd7 39. Kd3 Rg2 40. b4 Rc7 41. Rc5 Kd6 42. Rxc7 Kxc7 43. b5 Kd6 44. a6 bxa6 45. bxa6 Rh2 46. Nc3 Rh8 47. d5 exd5 48. Kd4 Ra8 49. a7 Kc6 50. Nxd5 Rxa7 51. Ne3 Ra5 52. Nc4 Rd5+ 53. Kc3 Rd8 54. Ne3 Rf8 55. Kd3 Kd6 56. Kd2 Ke6 57. Ke2 Ra8 58. Kf2 Ra2+ 59. Kf1 Rd2 60. Ke1 Rh2 61. Kf1 Rh5 62. Kg2 Kd6 63. Kf2 Kc5 64. Kg2 Kd4 65. Nc2+ Ke4 66. Na3 Rh6 67. Nc4 Rc6 68. Ne5 Rc2+ 69. Kf1 Rc5 70. Kf2 Ra5 71. Ke2 Ra2+ 72. Kf1 Kd5 73. Kg1 Re2 74. Ng6 Re6 75. Nh4 Ke4 76. Kf2 Rh6 77. Ng2 Rh2 78. Kf1 Kf3 1-0

[Event "Continental op 45'"]
[Site "Los Angeles"]
[Date "2000.07.30"]
[Round "8"]
[White "Saidy, Anthony Fred"]
[Black "Anderson, Renard"]
[Result "1/2-1/2"]
[WhiteElo "2376"]
[BlackElo "2228"]
[PlyCount "136"]
[EventDate "2000.07.24"]
[EventType "swiss"]
[EventRounds "9"]
[EventCountry "USA"]
[SourceTitle "EXT 2001"]
[Source "ChessBase"]
[SourceDate "2000.11.22"]
[SourceVersion "1"]
[SourceVersionDate "2000.11.22"]
[SourceQuality "1"]

1. d4 Nf6 2. c4 c5 3. Nf3 cxd4 4. Nxd4 e5 5. Nb5 d5 6. cxd5 Qa5+ 7. N5c3 b5 8. Nd2 b4 9. Nce4 Nxe4 10. Nxe4 Bb7 11. Nd2 Qxd5 12. e4 Qd7 13. Bc4 Bc5 14. 0-0 0-0 15. Nb3 Bb6 16. Qe2 Nc6 17. Rd1 Qe7 18. Be3 Rfd8 19. Bxb6 axb6 20. Qe3 Na5 21. Nxa5 bxa5 22. f3 Rd6 23. Rxd6 Qxd6 24. Be2 Rc8 25. Rd1 Qc7 26. b3 h6 27. Bc4 a4 28. Kf1 Ra8 29. Qd2 axb3 30. axb3 Qb6 31. Qd6 Qa5 32. Qe7 Ba6 33. Qxf7+ Kh8 34. Qd5 Bxc4+ 35. Qxc4 Qa3 36. Qc2 Qa6+ 37. Kg1 Rc8 38. Qb2 Qb6+ 39. Kh1 Qc7 40. h3 Qc3 41. Rd2 Qe3 42. Rd1 Rc3 43. Rb1 Kh7 44. Qa2 Qd3 45. Kh2 Qe3 46. Qb2 h5 47. Rd1 Qf4+ 48. Kg1 h4 49. Qd2 Qg3 50. Kh1 Rxb3 51. Qd7 Rb2 52. Qf5+ Qg6 53. Rd5 Rb1+ 54. Kh2 Qxf5 55. exf5 b3 56. Rxe5 b2 57. Rb5 Kg8 58. Rb7 Kf8 59. f4 Ke8 60. g4 hxg3+ 61. Kg2 Kd8 62. h4 Kc8 63. Rb3 Kd7 64. f6 gxf6 65. h5 Ke6 66. h6 Rc1 67. Rxb2 Rc7 68. Kxg3 Kf5 1/2-1/2

[Event "Canadian op"]
[Site "Richmond"]
[Date "1999.07.10"]
[Round "8"]
[White "Saidy, Anthony Fred"]
[Black "Hua, Lefong"]
[Result "1-0"]
[WhiteElo "2375"]
[BlackElo "2246"]
[PlyCount "71"]
[EventDate "1999.07.02"]
[EventType "swiss"]
[EventRounds "11"]
[EventCountry "CAN"]
[SourceTitle "EXT 2000"]
[Source "ChessBase"]
[SourceDate "1999.11.16"]
[SourceVersion "1"]
[SourceVersionDate "1999.11.16"]
[SourceQuality "1"]

1. Nf3 c5 2. e4 e6 3. d3 Nc6 4. g3 d6 5. Bg2 Be7 6. Nbd2 Nf6 7. 0-0 0-0 8. Re1 Qc7 9. c3 Rb8 10. d4 d5 11. dxc5 dxe4 12. Nxe4 Nxe4 13. Rxe4 Rd8 14. Qc2 e5 15. Re1 Bxc5 16. Ng5 g6 17. h4 Bf8 18. Be3 b5 19. Qe2 Na5 20. Rad1 Rxd1 21. Rxd1 h6 22. Ne4 Be6 23. Nf6+ Kg7 24. Nd5 Bxd5 25. Rxd5 Qc4 26. Qd2 Qxa2 27. Bxh6+ Kh7 28. Bxf8 Rxf8 29. Rxb5 Nc4 30. Qd5 Qa1+ 31. Kh2 Nxb2 32. Qxe5 Nd1 33. Qe1 Rd8 34. Qe7 Rg8 35. Qxf7+ Rg7 36. Rh5+ 1-0

[Event "US Masters op"]
[Site "Hawaii"]
[Date "1998.07.28"]
[Round "8"]
[White "Saidy, Anthony Fred"]
[Black "Bhat, Vinay S"]
[Result "1-0"]
[WhiteElo "2380"]
[BlackElo "2235"]
[PlyCount "141"]
[EventDate "1998.07.??"]
[EventType "swiss"]
[EventRounds "9"]
[EventCountry "USA"]
[SourceTitle "EXT 1999"]
[Source "ChessBase"]
[SourceDate "1998.11.16"]
[SourceVersion "1"]
[SourceVersionDate "1998.11.16"]
[SourceQuality "1"]

1. d4 d5 2. c4 e6 3. Nc3 c6 4. cxd5 exd5 5. Qc2 Be7 6. Bf4 g6 7. e3 Bf5 8. Qd2 Nf6 9. Nge2 Nh5 10. Be5 Bf6 11. Bxf6 Qxf6 12. g3 Qe7 13. Bg2 Nf6 14. 0-0 0-0 15. f3 Re8 16. Kf2 Nbd7 17. Rae1 Nb6 18. b3 Rad8 19. Nf4 Qb4 20. g4 Bc8 21. g5 Nfd7 22. Nd3 Qe7 23. f4 Nf8 24. Ne2 Ne6 25. Ne5 f6 26. gxf6 Qxf6 27. Kg1 Ng7 28. Qa5 Nf5 29. Ng3 Nd7 30. Qxa7 Nxe5 31. fxe5 Qe7 32. Nxf5 Bxf5 33. Qa5 Ra8 34. Qd2 Qa3 35. Rf2 Red8 36. Bf1 Qe7 37. a4 Qg5+ 38. Rg2 Qh4 39. Qf2 Qxf2+ 40. Rxf2 Rf8 41. Rd1 Bg4 42. Rdd2 Kg7 43. Rxf8 Kxf8 44. Be2 Be6 45. Bd1 Ke7 46. b4 Bf5 47. a5 Kd7 48. Bc2 Bg4 49. Rf2 Ke7 50. Bd3 Bh3 51. Rf3 Bg4 52. Rf4 Be6 53. Kg2 b6 54. axb6 Rb8 55. Rf2 Rxb6 56. Rb2 Bd7 57. Kg3 Rb8 58. e4 Ke6 59. Kf4 Ra8 60. b5 Rf8+ 61. Ke3 dxe4 62. Bc4+ Ke7 63. bxc6 Bxc6 64. d5 Ba8 65. Ra2 Rc8 66. Ra7+ Kf8 67. e6 Rxc4 68. Rxa8+ Ke7 69. Ra7+ Ke8 70. d6 Kd8 71. e7+ 1-0

[Event "US Masters op"]
[Site "Hawaii"]
[Date "1998.07.27"]
[Round "7"]
[White "Ippolito, Dean"]
[Black "Saidy, Anthony Fred"]
[Result "1/2-1/2"]
[WhiteElo "2430"]
[BlackElo "2380"]
[PlyCount "112"]
[EventDate "1998.07.??"]
[EventType "swiss"]
[EventRounds "9"]
[EventCountry "USA"]
[SourceTitle "EXT 1999"]
[Source "ChessBase"]
[SourceDate "1998.11.16"]
[SourceVersion "1"]
[SourceVersionDate "1998.11.16"]
[SourceQuality "1"]

1. d4 Nf6 2. c4 g6 3. Nf3 Bg7 4. g3 c5 5. Bg2 Qa5+ 6. Nbd2 cxd4 7. Nxd4 Nc6 8. Nc2 d6 9. Rb1 0-0 10. b4 Qc7 11. Bb2 a5 12. b5 Nb8 13. Ne3 Nbd7 14. Nd5 Nxd5 15. cxd5 Bxb2 16. Rxb2 Nc5 17. 0-0 Bd7 18. Nf3 a4 19. Nd4 Qa5 20. Qc1 Rac8 21. Qe3 Rfe8 22. a3 Nb3 23. Nxb3 axb3 24. Rxb3 Bxb5 25. Rb4 Ba6 26. Rfb1 Qc5 27. Qh6 Qc2 28. Bf1 Qc3 29. Rh4 Qg7 30. Qxg7+ Kxg7 31. e3 Rc5 32. Ra4 Bxf1 33. Kxf1 b5 34. Rab4 Ra8 35. Rxb5 Rxb5 36. Rxb5 Rxa3 37. Kg2 f5 38. h3 Kf6 39. g4 Ra7 40. f4 h6 41. Kf3 Ra3 42. Rb1 Ra5 43. Rd1 Ra4 44. Rb1 Ra3 45. Rb2 Ra4 46. Rb1 Ra3 47. Rb2 Rd3 48. Rb5 Rc3 49. Rb1 Rc4 50. Rb2 g5 51. Rb8 gxf4 52. exf4 Rc3+ 53. Kg2 fxg4 54. hxg4 Rc4 55. Rh8 Kg7 56. Re8 Kf7 1/2-1/2

[Event "US Masters op"]
[Site "Hawaii"]
[Date "1998.07.24"]
[Round "4"]
[White "Saidy, Anthony Fred"]
[Black "Whitehead, Jay E"]
[Result "1-0"]
[WhiteElo "2380"]
[BlackElo "2410"]
[PlyCount "107"]
[EventDate "1998.07.??"]
[EventType "swiss"]
[EventRounds "9"]
[EventCountry "USA"]
[SourceTitle "EXT 1999"]
[Source "ChessBase"]
[SourceDate "1998.11.16"]
[SourceVersion "1"]
[SourceVersionDate "1998.11.16"]
[SourceQuality "1"]

1. d4 Nf6 2. c4 d6 3. Nc3 Bf5 4. Bg5 Nbd7 5. f3 h6 6. e4 Bh7 7. Be3 e5 8. d5 Be7 9. Nh3 0-0 10. Bd3 c6 11. 0-0 a6 12. Qd2 cxd5 13. cxd5 Nc5 14. Be2 a5 15. Bb5 Nfd7 16. g4 h5 17. gxh5 f5 18. Qg2 Kh8 19. Bxd7 Qxd7 20. Bxc5 dxc5 21. a4 c4 22. Ng5 Bg8 23. Kh1 Bc5 24. Rad1 Rf6 25. Qe2 Rc8 26. Nb5 Rh6 27. exf5 Qxf5 28. Ne4 Qxh5 29. Nxc5 Rxc5 30. d6 Rc8 31. Rd2 Be6 32. Rg1 Bd7 33. Qg2 Rh7 34. Nc3 Rf8 35. Rf2 Bc6 36. Ne4 Qh3 37. Ng5 Qxg2+ 38. Kxg2 Rh4 39. Kg3 Rhf4 40. Rd1 Bxa4 41. Rd5 e4 42. d7 Bxd7 43. Rxd7 e3 44. Re2 R4f5 45. h4 Rb5 46. Re7 Rb3 47. R7xe3 Rxe3 48. Rxe3 b5 49. Re5 Rb8 50. Nf7+ Kh7 51. Nd6 b4 52. Rxa5 c3 53. bxc3 b3 54. Rb5 1-0

[Event "Hawaii op"]
[Site "Honolulu"]
[Date "1997.04.23"]
[Round "9"]
[White "Psakhis, Lev"]
[Black "Saidy, Anthony Fred"]
[Result "1-0"]
[WhiteElo "2610"]
[BlackElo "2415"]
[PlyCount "129"]
[EventDate "1997.04.??"]
[EventType "swiss"]
[EventRounds "11"]
[EventCountry "USA"]
[SourceTitle "EXT 1998"]
[Source "ChessBase"]
[SourceDate "1997.11.17"]
[SourceVersion "1"]
[SourceVersionDate "1997.11.17"]
[SourceQuality "1"]

1. c4 e6 2. d4 d5 3. Nc3 Be7 4. Nf3 Nf6 5. Bf4 0-0 6. e3 Nbd7 7. h3 dxc4 8. Bxc4 c5 9. dxc5 Bxc5 10. 0-0 Qe7 11. e4 e5 12. Bg5 Nb6 13. Bb3 Rd8 14. Qe2 h6 15. Bxf6 Qxf6 16. Rfd1 Bd7 17. Rd3 Bc6 18. Rad1 Be7 19. Nh2 Be8 20. Ng4 Qg5 21. Rf3 Rxd1+ 22. Qxd1 Rd8 23. Nd5 Nxd5 24. Bxd5 Bc6 25. Bxf7+ Kh8 26. Qe1 Qd2 27. Qxd2 Rxd2 28. Bg6 Bd6 29. Ne3 Rd4 30. g3 Bxe4 31. Bxe4 Rxe4 32. Rf7 Bc5 33. Rxb7 a6 34. Kg2 Bxe3 35. Kf3 Ra4 36. fxe3 Rxa2 37. Ke4 Ra5 38. h4 Kh7 39. h5 Rc5 40. g4 a5 41. Kf5 a4 42. Ra7 Rb5 43. Rxa4 Rxb2 44. Kxe5 Rg2 45. Rf4 Ra2 46. e4 Ra5+ 47. Ke6 Ra6+ 48. Kf5 Rf6+ 49. Ke5 Ra6 50. Rf8 Ra5+ 51. Kf4 Ra1 52. Rb8 Rf1+ 53. Ke3 Rg1 54. e5 Re1+ 55. Kd4 Rd1+ 56. Kc5 Rc1+ 57. Kd6 Rd1+ 58. Ke7 Rg1 59. e6 Rxg4 60. Kd6 Rd4+ 61. Ke5 Rd1 62. e7 Re1+ 63. Kd6 Rd1+ 64. Kc5 Rc1+ 65. Kd4 1-0